Vainqueurs de la Coupe du Monde de Ski Alpin (Femmes) - Statistiques

Statistiques générales
  • Ce quiz a été pris 30 fois
  • Le résultat moyen est 14 sur 59
Statistiques - réponses
Année Nat Réponse % Correct
2017 USA Michaela Shiffrin
96%
2018 USA Michaela Shiffrin
96%
2019 USA Michaela Shiffrin
96%
2022 USA Michaela Shiffrin
96%
2023 USA Michaela Shiffrin
96%
2008 USA Lindsey Vonn
79%
2009 USA Lindsey Vonn
79%
2010 USA Lindsey Vonn
79%
2012 USA Lindsey Vonn
79%
2020 ITA Federica Brignone
75%
2025 ITA Federica Brignone
75%
2016 SUI Lara Gut-Behrami
68%
2024 SUI Lara Gut-Behrami
68%
2021 SLQ Petra Vlhová
50%
2001 CRO Janica Kostelić
29%
2003 CRO Janica Kostelić
29%
2006 CRO Janica Kostelić
29%
2013 SLV Tina Maze
29%
1989 SUI Vreni Schneider
18%
1994 AUT Vreni Schneider
18%
1995 AUT Vreni Schneider
18%
2004 SUE Anja Pärson
11%
2005 SUE Anja Pärson
11%
1971 AUT Annemarie Moser-Pröll
11%
1972 AUT Annemarie Moser-Pröll
11%
1973 AUT Annemarie Moser-Pröll
11%
1974 AUT Annemarie Moser-Pröll
11%
1975 AUT Annemarie Moser-Pröll
11%
1979 AUT Annemarie Moser-Pröll
11%
2014 AUT Anna Fenninger
7%
2015 AUT Anna Fenninger
7%
2011 ALL Maria Höfl-Riesch
7%
2002 AUT Michaela Dorfmeister
7%
1982 SUI Erika Hess
4%
1984 SUI Erika Hess
4%
1978 LIE Hanni Wenzel
4%
1980 LIE Hanni Wenzel
4%
1977 SUI Lise-Marie Morerod
4%
1986 SUI Maria Walliser
4%
1987 SUI Maria Walliser
4%
1985 SUI Michela Figini
4%
1988 SUI Michela Figini
4%
1999 AUT Alexandra Meissnitzer
0%
1993 AUT Anita Wachter
0%
1969 AUT Gertrude Gabl
0%
1996 ALL Katja Seizinger
0%
1998 ALL Katja Seizinger
0%
1981 SUI Marie-Theres Nadig
0%
1970 FRA Michèle Jacot
0%
1967 CAN Nancy Greene
0%
1968 CAN Nancy Greene
0%
2007 AUT Nicole Hosp
0%
1997 SUE Pernilla Wiberg
0%
1990 AUT Petra Kronenberg
0%
1991 AUT Petra Kronenberg
0%
1992 AUT Petra Kronenberg
0%
2000 AUT Renate Götschl
0%
1976 ALL Rosi Mittermaier
0%
1983 USA Tamara McKinney
0%
Aucun quiz correspondant
Distribution des résultats
% des personnes avec chaque résultat
Percentile par nombre de réponses
Votre historique - résultats
Vous n’avez pas pris ce quiz